| 000 | 00603nam a22001817a 4500 | ||
|---|---|---|---|
| 003 | CEME | ||
| 005 | 20210628202804.0 | ||
| 008 | 210125b xxu||||| |||| 00| 0 eng d | ||
| 020 | _a81-203-2214-2 | ||
| 040 | _c. | ||
| 082 | _a621.3973 CHA | ||
| 100 |
_aChakraborty, Kanad Mazumder, Pinaki _961631 |
||
| 245 | _aFault tolerance and reliability techniques for high denisty random access memories | ||
| 260 |
_aNEW DELHI _bPRENTICE HALL OF INDIA _c2002 |
||
| 300 | _aXIX,426 P | ||
| 650 |
_aFAULT TOLERANCE AND RELIABILITY TECHNIQUES FOR HIGH DENISTY RANDOM ACCESS MEMORIES _961632 |
||
| 942 |
_cBK _2ddc |
||
| 999 |
_c571023 _d571023 |
||